Дело о путешествии по Сибири профессора Московского университета Щуровского и кандидата Драшусова

Доступно только в Электронных читальных залах Найти на картеНа карте
RUSMARC
00003594nmc2a22002413x 450
001c5f1adfa-6284-42e5-8e1c-940f034d0548
00520250622044252.0
100##$a20241223l18431844k l0rusy0189 ca
1010#$arus
102##$aRU
105##$ay###
1222#$ad
2001#$aДело о путешествии по Сибири профессора Московского университета Щуровского и кандидата Драшусова
$j18 июня 1843 г. - 26 августа 1844 г.
215##$a32 л.
$d36,5х26 см
251##$cДело
300##$aНа обложке указано: "№66"
371##$aДокумент не является опубликованным и широко распространяемым
461#0$10012b5b8419-5ce4-4d16-a7a3-85720a295f1f
$12001
$aКанцелярия министра народного просвещения
$1251
$cФонд
$1852
$j735
462#0$1001562cc287-b13c-4f02-8029-f81535ba1e2e
$12001
$aКанцелярия министра народного просвещения
$1251
$cОпись
$1852
$j2
801#0$aRU
$bРГИА
$c20241223
$gRCR
801#1$aRU
$bГлавНИВЦ
$c20241223
$2rusmarc
801#2$aRU
$bПБ им. Б.Н. Ельцина
$c20250622
$gRCR
$2rusmarc
850##$aРГИА
852##$aРГИА
$eФедеральное казенное учреждение "Российский государственный исторический архив" (РГИА)
$j414
937##$hРГИА
$d12421323
$aASBIBLIO_SCAN
035##$aRusGRCC00083220
856##$uhttp://readingroom.main.prlib.ru/item.aspx?id_node=n196862180&mode=full
Формат отображения